| 000 | 01258nam0a22003131 4500 | ||
|---|---|---|---|
| 001 | RU\INFOCOMM_322\NLR\5000081994 | ||
| 005 | 20250613102652.0 | ||
| 035 | _a(NLR Aleph) 009449697 | ||
| 090 |
_a8397885 _c8397885 |
||
| 100 | _a20121203d1960 |||y0rusy50 ca | ||
| 101 | 0 | _aeng | |
| 102 | _aRU | ||
| 105 | _ay z ||||| | ||
| 200 | 1 |
_aInvestigation of type III poliovirus strains, recovered from live virus vaccines in monkey tests and by titrations at 36°C and 40°C _f[By] Voroshilova M. K., Lavrova I. K., Balayan M. S., Tolskaya E. A. ... |
|
| 210 |
_a[M. _d1960] |
||
| 215 |
_a8 с. _d28 см |
||
| 225 | 1 |
_aAcademy of medical sciences of the USSR. Institute for poliomyelitis research. IVth Scientific conference and international symposium on live poliovirus vaccine. Moscow, May 17-20, 1960 _v[44] |
|
| 309 | _aЛитогр. | ||
| 606 |
_aПротивополиомиэлитные вакцины _2nlr_sh1 |
||
| 606 |
_aВирус полиомиэлита _2nlr_sh1 |
||
| 620 | _aМосква | ||
| 686 |
_aМк-335 _2rubbk |
||
| 701 | 1 |
_9z01790 _aVorošilova _bM. K. |
|
| 790 | 1 |
_9z01701 _aVoroshilova _bM. K. _4070 |
|
| 801 | 1 |
_aRU _bNLR _c20121203 |
|
| 801 | 0 |
_aRU _bINFOCOMM _gPSBO |
|
| 852 |
_aNLR _jМк01 Г-8/38/44 |
||
| 942 | _cBOOK | ||
| 980 | _aNB | ||